Proceedings of the Third ... : wood-based products in the new millennium : meeting demands and the challenges

Bibliographic Details
Corporate Authors: NATIONAL Seminar on Wood-Based Panel Products, Institut Penyelidikan Perhutanan Malaysia (FRIM)
Other Authors: Mohd Nor Mohd Yusoff, Wan Rasidah Kadir
Format: Book
Published: Kuala Lumpur : Institut Penyelidikan Perhutanan Malaysia , 2002
Subjects:

MARC

LEADER 00000cam a2200000 7i4500
001 0000002497
005 20030710.0
020 0 0 |a 9832181313 
090 0 0 |a FRIM674.8   |b NAT 2002 
110 1 0 |a NATIONAL Seminar on Wood-Based Panel Products   |i 3rd   |k 2001   |j Kuala Lumpur 
245 1 0 |a Proceedings of the Third ... :   |b wood-based products in the new millennium : meeting demands and the challenges   |c editors, Mohd Nor Mohd Yusoff, Wan Rasidah Kadir, Rahim Sudin 
260 0 0 |a Kuala Lumpur :   |b Institut Penyelidikan Perhutanan Malaysia ,   |c 2002 
300 |a 105 p. :   |b ill. ;   |c 26 cm. 
500 0 0 |a Includes bibliographical references 
650 0 0 |a Forest products industry   |x Congresses 
650 0 0 |a Wood products   |x Congresses 
700 0 1 |a Mohd Nor Mohd Yusoff 
700 0 1 |a Wan Rasidah Kadir 
710 1 1 |a Institut Penyelidikan Perhutanan Malaysia (FRIM) 
998 |a JPSM 
999 |a 0000004657   |b Monograph   |c Open Shelf   |e Default branch